| LEADER | 00772nam a2200277 4500 | ||
|---|---|---|---|
| 001 | DLU120144511 | ||
| 005 | ##20121210 | ||
| 040 | # | # | |a DLU |b vie |
| 041 | # | # | |a vie |
| 044 | # | # | |a vn |
| 100 | # | # | |a Tagore, R. |
| 245 | # | # | |a Những cánh chim lạc bầy / |c R. Tagore, Bằng Việt dịch. |
| 653 | # | # | |a Ảo tưởng |
| 653 | # | # | |a Khát vọng |
| 653 | # | # | |a Nhận thức |
| 700 | # | # | |a Bằng Việt, |e Dịch. |
| 773 | # | # | |t Văn học nước ngoài |g Số 12(96), 2010, tr. 113-116 |
| 920 | # | # | |a Phòng Tạp chí -- Trung tâm Thông tin - Thư viện Trường Đại học Đà Lạt |
| 994 | # | # | |a DLU |
| 900 | # | # | |a True |
| 911 | # | # | |a Nguyễn Thị Linh Chi |
| 925 | # | # | |a G |
| 926 | # | # | |a A |
| 927 | # | # | |a BB |
| 980 | # | # | |a Thư viện Trường Đại học Đà Lạt |